| 000 | 00384nam a22001697a 4500 | ||
|---|---|---|---|
| 003 | OSt | ||
| 005 | 20211126145856.0 | ||
| 008 | 211126b |||||||| |||| 00| 0 eng d | ||
| 040 | _cHU | ||
| 082 |
_21st _a370/CON |
||
| 100 |
_aR.S. PETERS _920807 |
||
| 245 | _aTHE CONCEPT OF EDUCATION | ||
| 250 | _a1st | ||
| 260 |
_aNEW YORK _bhall _c1967 |
||
| 300 | _a223 | ||
| 942 |
_2ddc _cBOOKS _n0 |
||
| 999 |
_c20410 _d20410 |
||